000 00516nam a2200157 a 4500
001 000041372
005 20201002034830.0
008 131001s1967 xxu 000 0 spa d
040 _aDO-SdBNP
_beng
_cBNPHU
082 _axxx
_bxxx
100 1 _aAptheker, Herbert
_968024
245 1 0 _aThe nature of democracy freedom and revolution. /
_cHerbert Aptheker.
260 _aNew York, Estados Unidos :
_bInternational Publishers,
_c1967.
300 _a128 p. ;
_c18 cm.
500 _athe library has the second reprint of 1969
999 _c40862
_d40862